000 00913nam a22002177a 4500
001 8648
003 FISKH
005 20251007154958.0
008 251007b cb ||||| |||| 00| 0 eng d
020 _a9789715691321
040 _aFISKH
_beng
_cFISKH
_dFISKH
082 _a372.37
100 _aTan, Emma R.
245 _aHealth and Science for pre-schoolers /
_cby Emma R. Tan
260 _aSan Antonio :
_bBookmark,
_c2012.
300 _a83 pages :
_bcolor illustrations ;
_c28 cm
520 _aHealth and Science for Pre-Schoolers introduces young children to basic concepts of personal health, cleanliness, safety, and simple science ideas from their environment. Through pictures and short lessons, it helps preschoolers understand how to stay healthy and curious about the world around them.
650 _aHealth Education,
_vScience,
_xPreschool,
_yEarly Learning
942 _2ddc
_cBK
_n0
999 _c8648
_d8648